Mathematics Analogies - Statistics

General Stats
  • This quiz has been taken 191 times
  • The average score is 9 of 15
Answer Stats
This is to this ... As ... % Correct
0 is to addition {1} is to multiplication
95%
32 is to 2 243 is to {3}
93%
Square is to cube Circle is to {sphere}
91%
4/6 is to 2/3 9/12 is to {3/4}
81%
Sine is to opposite {Cosine} is to adjacent
78%
Length is to area Area is to {volume}
75%
Triangle is to 180 {Pentagon} is to 540
73%
Rectangle is to square Parallelogram is to {Rhombus}
62%
π is to geometry e is to {calculus}
50%
128 is to 7 2048 is to {11}
43%
Square root is to squaring Logarithm is to {exponentiation}
43%
Quotient is to division {Difference} is to subtraction
39%
Factor is to multiplication {Summand} is to addition
27%
Pentagon is to dodecahedron {Triangle} is to icosahedron
19%
Rational is to irrational {Algebraic} is to transcendental
17%
No matching quizzes found
Score Distribution
Percent of People with Each Score
Percentile by Number Answered
Your Score History
You have not taken this quiz